| 000 | 00993nam a2200265Ia 4500 | ||
|---|---|---|---|
| 003 | GCL | ||
| 008 | 140319s9999 xx 000 0 ara d | ||
| 020 | _a5790009948 | ||
| 040 |
_aGCL / _cGCL |
||
| 082 | 0 | 4 |
_a658 _bب ا |
| 100 | 1 | _aبشير عباس العلاق | |
| 245 | 1 | 0 |
_aالادارة الرقمية : _bالمجالات والتطبيقات / _cبشير عباس العلاق |
| 250 | _aالاولى | ||
| 260 |
_aالامارات : _bمركز الامارات للدراسات والبحوث الاستراتيجية ، _c2005 |
||
| 300 |
_a238 ص ؛ _c26 سم |
||
| 650 | 0 | 4 | _aادارة الانتاج |
| 650 | 0 | 4 | _aادارة التسويق |
| 650 | 0 | 4 | _aالادارة - تطوير |
| 650 | 0 | 4 | _aتكنولوجيا المعلومات |
| 650 | 0 | 4 | _aالتسويق الالكترونى |
| 650 | 0 | 4 | _aالاقتصاد الرقمى |
| 650 | 0 | 4 | _aادارة الاعمال - خدمات المعلومات |
| 650 | 0 | 4 | _aالادارة الرقمية |
| 942 |
_2ddc _cBK |
||
| 999 |
_c8657 _d8657 |
||